000 00350nam a2200145Ia 4500
008 210716s1991 xx 000 0 und d
041 _aeng
082 _a005.263W SIMA
100 _aSimpson, Alan.
245 _aMastering Wordperfect 5.1.
250 _a1
260 _aNew Delhi
_bBPB Publications
_c1991
300 _axxxix,1044
650 _aNone
999 _c182806
_d182806